| 000 | 00678nam a22002177a 4500 | ||
|---|---|---|---|
| 005 | 20170124110034.0 | ||
| 010 | _aB-182740 | ||
| 020 |
_c300.00 _a8128801163 |
||
| 035 | _aB-182740 | ||
| 037 | _bCen Lib/Ret | ||
| 040 |
_aDPL _bEN |
||
| 082 |
_a483 _bROY |
||
| 100 |
_aRoy Chawdhury, Biswaroop _922336 |
||
| 245 |
_aMemorising dictionary made easy / _cby Biswaroop Roy Chawdhury |
||
| 260 |
_aNew Delhi _bFusion Books _c2004 |
||
| 270 |
_bDelhi _e110020 _aX-30, Okhla Industrial Area, Phase-II |
||
| 300 |
_a190p.: _c21cm(Hb) _bill. |
||
| 650 |
_aClassical greek -- Dictionaries _922337 |
||
| 650 |
_aClassical Greek _922338 |
||
| 942 |
_2ddc _cEN _h483 _mROY |
||
| 999 |
_c128076 _d128076 |
||